000
00268nam a2200097Ia 4500
001
1300151
005
20260420095858.0
008
260420s9999 xx 000 0 und d
245
0
_a
ERDEMLER 2 - BAĞIŞLAMAYI BİLİYORUM
_c
KOLEKTİF
260
_b
TİMAŞ ÇOCUK YAYINLARI
999
_c
1300151
_d
1300151